Statistics for Lyrics from the Frozen song Let it Go

Click here to take the quiz!

General Stats

  • This quiz has been taken 39 times
    (38 since last reset)
  • The average score is 240 of 276

Answer Stats

Answer% Correct
go,
100%
go.
100%
I
100%
it
100%
let
100%
Let
100%
a
97%
A
97%
an
97%
cold
97%
do,
97%
me
97%
me.
97%
on,
97%
on
97%
on.
97%
on!
97%
The
97%
the
97%
them
97%
and
94%
And
94%
anymore.
94%
back,
94%
back
94%
bothered
94%
can
94%
can't
94%
don't
94%
dont
94%
Don't
94%
hold
94%
how
94%
in
94%
in,
94%
know...
94%
know.
94%
never
94%
see,
94%
see
94%
always
90%
anyway.
90%
be.
90%
be
90%
girl
90%
good
90%
have
90%
I'm
90%
is
90%
like
90%
like,
90%
looks
90%
mountain
90%
no
90%
No
90%
rage
90%
snow
90%
storm
90%
to
90%
what
90%
you
90%
going
87%
keep
87%
not
87%
Queen.
87%
seen.
87%
they
87%
wind
87%
feel,
84%
inside.
84%
isolation
84%
It's
84%
now
84%
of
84%
swirling
84%
tonight,
84%
tried.
84%
away
81%
Couldn't
81%
door.
81%
footprint
81%
here
81%
Here
81%
howling
81%
kingdom
81%
knows
81%
slam
81%
turn
81%
white
81%
all.
77%
all
77%
care
77%
Conceal,
77%
cry.
77%
for
77%
free.
77%
glows
77%
heaven
77%
say.
77%
you'll
77%
am
74%
break
74%
day.
74%
everything
74%
frozen
74%
funny
74%
get
74%
one
74%
past.
74%
past
74%
some
74%
stand
74%
that
74%
That
74%
they're
74%
through
74%
through.
74%
time
74%
Well
74%
at
71%
distance,
71%
gone.
71%
light
71%
My
71%
test
71%
this
71%
controlled
68%
fractals
68%
limits
68%
makes
68%
once
68%
rules
68%
seem
68%
sky.
68%
small
68%
with
68%
around.
65%
fears
65%
I'll
65%
right,
65%
stay.
65%
wrong,
65%
ground.
61%
icy
61%
perfect
61%
power
61%
blast.
58%
dawn.
58%
into
58%
air
55%
rise
55%
flurries
52%
soul
45%
thought
45%
crystalizes
42%
spiraling
42%

Score Distribution

Percentile by Number Answered

Percent of People with Each Score

Your Score History

You have not taken this quiz since the last reset